000
00180 a2200097 4500
020
_a
078073004997
041
_a
eng
100
_a
Lasky, Kathryn
245
_a
The capture
942
_c
BK
999
_c
9286
_d
9286